Les Pokémon de couleur Verte - Statistiques

Statistiques générales
  • Ce quiz a été pris 6 fois
  • Le résultat moyen est 90 sur 147
Statistiques - réponses
Nom % Correct
0001 Bulbizarre
100%
0003 Florizarre
100%
0152 Germignon
100%
0003 Méga-Florizarre
100%
0470 Phyllali
100%
0906 Poussacha
100%
0930 Arboliva
67%
0252 Arcko
67%
0811 Badabouin
67%
0797 Bamboiselle
67%
0550 Bargantua
67%
0550 Bargantua Motif Blanc
67%
0830 Blancoton
67%
0652 Blindépique
67%
0651 Boguérisse
67%
0641 Boréas
67%
0388 Boskara
67%
0701 Brutalibré
67%
0331 Cacnea
67%
0332 Cacturne
67%
0251 Celebi
67%
0286 Chapignon
67%
0869 Charmilly Lait Matcha
67%
0010 Chenipan
67%
0413 Cheniselle Cape Plante
67%
0412 Cheniti Cape Plante
67%
0548 Chlorobule
67%
0011 Chrysacier
67%
0737 Chrysapile
67%
0610 Coupenotte
67%
0541 Couverdure
67%
0546 Doudouvet
67%
0842 Dratatin
67%
0309 Dynavolt
67%
0246 Embrylex
67%
0995 Épine-de-Fer
67%
0547 Farfaduvet
67%
0511 Feuillajou
67%
0512 Feuiloutan
67%
0918 Filentrappe
67%
0188 Floravol
67%
0549 Fragilady
67%
0549 Fragilady de Hisui
67%
0880 Galvagon
67%
0812 Gorythmic
67%
0764 Guérilande
67%
0002 Herbizarre
67%
0882 Hydragon
67%
0611 Incisache
67%
0123 Insécateur
67%
0254 Jungko
67%
0352 Kecleon
67%
0833 Khélocrok
67%
0496 Lianaja
67%
0330 Libégon
67%
0618 Limonde de Galar
67%
0271 Lombre
67%
0272 Ludicolo
67%
0153 Macronium
67%
0497 Majaspic
67%
0650 Marisson
67%
0253 Massko
67%
0907 Matourgeon
67%
0254 Méga-Jungko
67%
0154 Méga-Méganium
67%
0154 Méganium
67%
0384 Méga-Rayquaza
67%
0248 Méga-Tyranocif
67%
0718 Méga-Zygarde
67%
0578 Méios
67%
0774 Météno Noyau Vert
67%
0568 Miamiasme
67%
0908 Miascarade
67%
0569 Miasmax
67%
0167 Mimigal
67%
0967 Motorizard
67%
0270 Nénupiot
67%
0577 Nucléos
67%
1017 Ogerpon Masque Turquoise
67%
0929 Olivado
67%
0928 Olivini
67%
0810 Ouistempo
67%
0879 Pachyradjah
67%
0269 Papinox
67%
0902 Paragruel
67%
1012 Poltchageist
67%
1019 Pomdorochi
67%
1011 Pomdramour
67%
0841 Pomdrapi
67%
0666 Prismillon Motif Jungle
67%
0666 Prismillon Motif Mangrove
67%
0666 Prismillon Motif Verdure
67%
0384 Rayquaza
67%
0315 Rosélia
67%
0407 Roserade
67%
0406 Rozbouton
67%
0492 Shaymin
67%
0781 Sinistrail
67%
0898 Sylveroy
67%
0579 Symbios
67%
0931 Tapatoès Plumage Vert
67%
0186 Tarpaud
67%
1013 Théffroyable
67%
0834 Torgamord
67%
0389 Torterra
67%
0387 Tortipouss
67%
0829 Tournicoton
67%
0248 Tyranocif
67%
0346 Vacilys
67%
0840 Verpom
67%
1010 Vert-de-Fer
67%
0495 Vipélierre
67%
0640 Viridium
67%
0585 Vivaldaim Forme Été
67%
0469 Yanmega
67%
0718 Zygarde Forme 50 %
67%
0939 Ampibidou
33%
0751 Araqua
33%
0437 Archéodong
33%
0436 Archéomire
33%
0954 Bérasca
33%
0070 Boustiflor
33%
0069 Chétiflor
33%
0886 Dispareptil
33%
0844 Dunaconda
33%
0843 Dunaja
33%
0071 Empiflor
33%
0885 Fantyrm
33%
0316 Gloupti
33%
0623 Golemastoc
33%
0622 Gringolem
33%
0089 Grotadmorv d’Alola
33%
0182 Joliflor
33%
0887 Lanssorien
33%
0556 Maracachi
33%
0623 Méga-Golemastoc
33%
0952 Méga-Scovilain
33%
0177 Natu
33%
0951 Pimito
33%
0895 Regidrago
33%
0952 Scovilain
33%
0088 Tadmorv d’Alola
33%
0752 Tarenbulle
33%
0357 Tropius
33%
0329 Vibraninf
33%
0455 Vortente
33%
0178 Xatu
33%
Aucun quiz correspondant
Distribution des résultats
% des personnes avec chaque résultat
Percentile par nombre de réponses
Votre historique - résultats
Vous n’avez pas pris ce quiz